000 00427nam a2200157Ia 4500
008 231217s9999 xx 000 0 und d
020 _a74604600
041 _aEnglish
082 _a658.3 VEN;1 R
100 _aVenkata Ratnam, C S Srivastava, B K
245 0 _aPersonnel management and human resources
260 _c1991
_bTMH
_aNew Delhi
300 _axii+348
650 _aPersonnel,management,resources
942 _cAA
999 _c178301
_d178301